000 00643nam a2200193Ia 4500
003 GCL
008 140319s9999 xx 000 0 ara d
020 _a9025919977
040 _aGCL /
_cGCL
082 0 4 _a792.028.92
_bم د
100 1 _aمحمود قاسم
245 1 0 _aدليل الممثل العربى فى سينما القرن العشرين /
_cمحمود قاسم
700 1 _aيعقوب وهبى
250 _aالاولى
260 _aالقاهرة :
_bمجموعة النيل العربية ،
_c1999
300 _a288 ص ؛
_c24 سم
650 0 4 _aالممثلون والممثلات المصريون
942 _2ddc
_cBK
999 _c6095
_d6095